Living with art/
Guardat en:
| Autor principal: | |
|---|---|
| Format: | Llibre |
| Idioma: | anglès |
| Publicat: |
McGraw-Hill,
2008
|
| Etiquetes: |
Afegir etiqueta
Sense etiquetes, Sigues el primer a etiquetar aquest registre!
|
MARC
| LEADER | 00000nam a22000007a 4500 | ||
|---|---|---|---|
| 008 | 210506b ||||| |||| 00| 0 eng d | ||
| 020 | |a 978-0-07-319076-1 | ||
| 100 | |a GETLEIN, Mark | ||
| 245 | |a Living with art/ |c Mark Getlein |g xix; 602p.; ill | ||
| 250 | |b 8th ed | ||
| 260 | |b McGraw-Hill, |c 2008 |h New York: |i 691406 |i 691407 |l N7477 .G33 |m Art appreciation | ||
| 500 | |a “It includes index”. | ||
| 942 | |a lcc |c BK |e Adekanye, I. H. |f 06/05/2021 | ||
| 952 | |0 0 |1 0 |2 lcc |4 0 |6 N7477 G33 G |7 0 |9 2398 |a HOL |b EDM |c LP |d 2021-05-06 |l 0 |o N7477 .G33 G |p 2021-6249 |r 2021-05-06 00:00:00 |w 2021-05-06 |y BK | ||
| 952 | |0 0 |1 0 |2 lcc |4 0 |6 N7477 G33 G |7 0 |9 2399 |a HOL |b HOL |c LP |d 2021-05-06 |l 0 |o N7477 .G33 G |p 2021-6250 |r 2021-05-06 00:00:00 |w 2021-05-06 |y BK | ||
| 999 | |c 1244 |d 1244 | ||